000 00448nam a2200169Ia 4500
003 OSt
005 20260316142836.0
008 211028s2015 xx 000 0 und d
040 _cAIMIT LIBRARY
041 _aeng
100 _aPatil, Siddanagouda; DSouza, Mithun.
_g121768
_94569
110 _aC G Thomas
_94570
245 _aHeartalive /
260 _aMangalore
_c2015
710 _aPrime Focus Technologies Pvt. Ltd.
_94571
942 _2ddc
_cPRO
999 _c217614
_d217614